Pasos del profesor /

Bibliographic Details
Main Author: Spen, Noy, 1983- (Author)
Format: Electronic eBook
Language:Spanish
Published: Tarma, Perú : Zafiro, [2023]
Subjects:
Online Access:Digitalia Hispánica

MARC

LEADER 00000nam a2200000 i 4500
001 DIGEDQUIM0001
003 NyNyDIG
007 cr |||||||||||
008 241107s2023 pe o 000 f spa d
006 m o d
035 |a (OCoLC)1472054208 
040 |a DGITA  |b eng  |e rda  |e pn  |c DGITA 
020 |z 9786125067227 
050 1 4 |a PQ8498.429.P24 ebook 
100 1 |a Spen, Noy,  |d 1983-  |e author. 
245 1 0 |a Pasos del profesor /  |c Noy Spen. 
264 1 |a Tarma, Perú :  |b Zafiro,  |c [2023] 
300 |a 1 online resource. 
336 |a text  |b txt  |2 rdacontent 
337 |a computer  |b c  |2 rdamedia 
338 |a online resource  |b cr  |2 rdacarrier 
347 |a text file  |2 rdaft 
347 |b PDF 
500 |a "Jhon España Tomas"--Cover. 
588 0 |a Online resource; title from PDF title page (Digitalia, viewed November 7, 2024) 
655 7 |a Novels.  |2 lcgft 
791 2 |a Digitalia (Firm),  |e distributor. 
793 0 |g Digitalia eBook Collection:  |a Grupo Editorial Quimérica 
776 0 8 |i Print version:  |a Spen, Noy, 1983-  |t Pasos del profesor.  |b Primera edición.  |d Tarma, Perú : Zafiro, [2023]  |z 9786125067227 
856 4 0 |3 Digitalia Hispánica  |u https://www.digitaliapublishing.com/a/160451/ 
910 |a Premium collection: 2024